Southville International School and Colleges
Your cart is empty.
  • Cart
  • Lists
    Public lists Eva Luna New books Lux_list list_1
    Your lists Log in to create your own lists
  • Log in to your account
  • Your cookies
  • Search history
Southville International School and Colleges
  • Advanced search
  • Recent comments
  • Most popular
  • Libraries

Log in to your account

Log in with GOOGLE


If you do not have an external account, but do have a local account, you can still log in:

  1. Home
  2. MARC view: Schaum's outline of intermediate accounting II /
Normal view MARC view ISBD view

Schaum's outline of intermediate accounting II / (Record no. 25406)

[ view plain ]
MARC details
000 -LEADER
fixed length control field 00646nam a2200229 a 4500
005 - DATE AND TIME OF LATEST TRANSACTION
control field 20140310183621.0
008 - FIXED-LENGTH DATA ELEMENTS--GENERAL INFORMATION
fixed length control field 130408s19uu xx 00 eng d
020 ## - INTERNATIONAL STANDARD BOOK NUMBER
International Standard Book Number 9780071611664
050 ## - LIBRARY OF CONGRESS CALL NUMBER
Classification number HF 5635
Item number .En55 2007
100 ## - MAIN ENTRY--PERSONAL NAME
Personal name Englard, Baruch
245 ## - TITLE STATEMENT
Title Schaum's outline of intermediate accounting II /
Statement of responsibility, etc Baruch Englard.
250 ## - EDITION STATEMENT
Edition statement 2nd ed.
260 ## - PUBLICATION, DISTRIBUTION, ETC. (IMPRINT)
Place of publication, distribution, etc New York, NY :
Name of publisher, distributor, etc Schaum,
Date of publication, distribution, etc 2007.
300 ## - PHYSICAL DESCRIPTION
Extent 280 p. :
Dimensions 28 cm.
440 ## - SERIES STATEMENT/ADDED ENTRY--TITLE
Title Schaum's outline series
500 ## - GENERAL NOTE
General note Includes index
521 ## - TARGET AUDIENCE NOTE
Target audience note
650 ## - SUBJECT ADDED ENTRY--TOPICAL TERM
Topical term or geographic name as entry element Accounting
650 ## - SUBJECT ADDED ENTRY--TOPICAL TERM
Topical term or geographic name as entry element Accounting
General subdivision Problems, exercises, etc
942 ## - ADDED ENTRY ELEMENTS (KOHA)
Koha item type Books
Source of classification or shelving scheme Library of Congress Classification
Call number prefix Foreign
Holdings
Withdrawn status Lost status Source of classification or shelving scheme Damaged status Home library Current library Shelving location Date acquired Source of acquisition Total Checkouts Full call number Barcode Date last seen Copy number Price effective from Koha item type
    Library of Congress Classification   College Library College Library General Circulation Section 03/26/2013 Donation   HF 5635 .En55 2007 C15470 05/15/2018 1 10/18/2013 Books

Schaum's outline of intermediate accounting II /

APA

Englard B., . (2007). Schaum's outline of intermediate accounting II. New York, NY: Schaum.

Chicago

Englard Baruch, . 2007. Schaum's outline of intermediate accounting II. New York, NY: Schaum.

Harvard

Englard B., . (2007). Schaum's outline of intermediate accounting II. New York, NY: Schaum.

MLA

Englard Baruch, . Schaum's outline of intermediate accounting II. New York, NY: Schaum. 2007.

  • Place hold
  • Print
  • Cite
  • Add to your cart (remove)
  • Save record
    BIBTEX Dublin Core MARCXML MARC (non-Unicode/MARC-8) MARC (Unicode/UTF-8) MARC (Unicode/UTF-8, Standard) MODS (XML) RIS
  • More searches
    Search for this title in:
    Other Libraries (WorldCat) Other Databases (Google Scholar) Online Stores (Bookfinder.com) Open Library (openlibrary.org)

Exporting to Dublin Core...

SOUTHVILLE LIBRARY

Southville International School and Colleges Library

1281 Tropical Ave. Cor. Luxembourg St., BF Homes International, Las Pinas City

Tel. No. 8256374 / 252358 Loc. 117/146

Powered by Koha